000 00586nam a2200229Ia 4500
003 OSt
005 20220923230431.0
006 a|||||r|||| 00| 0
007 ta
008 Pun
024 _a281,936
037 _cTextual
040 _aARTS
_cARTS
_bPun
041 _2Pun
_aPun
082 _aO153,3N253x, M9
100 _aਸਿੰਘ, ਹਿੰਮਤ
245 0 _aਅਭੁੱਲ ਗਾਥਾ
260 _c1989
650 _aਪੰਜਾਬੀ ਸਾਹਿਤ
942 _hO153,3N253x, M9
_cTEXL
_2CC
999 _c384773
_d384773